Mystery Song #3 - Statistics

General Stats
  • This quiz has been taken 161 times
  • The average score is 94 of 179
Answer Stats
Answer % Correct
I
99%
a
94%
you
90%
the
86%
me
80%
me)
80%
to
76%
be
74%
love
73%
and
71%
it
70%
on
68%
In
64%
my
64%
what
64%
your
64%
is
63%
Is
63%
no
63%
don't
57%
So
57%
know
56%
for
53%
I'll
50%
say
50%
Say
50%
that
48%
or
46%
I'm
45%
Take
44%
(Take
44%
gone
42%
day
41%
It's
39%
all
38%
But
37%
just
35%
two
35%
away
34%
anyway
33%
You're
33%
Oh
32%
Of
31%
find
26%
life
26%
than
26%
Today
24%
coming
22%
Talking
22%
better
21%
got
21%
I've
21%
OK
21%
Yeah
20%
needless
19%
Things
19%
things
19%
after
18%
another
18%
sorry
18%
safe
17%
ends
14%
odds
14%
Shying
14%
shying
14%
play
13%
remember
12%
stumbling
10%
worries
10%
learning
9%
Slowly
9%
is OK
4%
No matching quizzes found
Score Distribution
Percent of People with Each Score
Percentile by Number Answered
Your Score History
You have not taken this quiz